Odpady 2002 s novými myšlienkami

Bibliographic Details
Main Author: Sviteková, Angela (Author)
Format: Article
Language:Slovak
ISSN:1335-7808
Subjects:

MARC

LEADER 00000nab a2200000 a 4500
001 vtls000817941
003 SK-MaSNL
005 20260304121907.0
008 250429c2002 xo 0 slo
015 |a SNBRB2002/12-39816 
035 |a CLN000169596 
035 |a urn:nbn:sk:snk-abp0k 
035 |a (urnnbn)urn:nbn:sk:snk:ar-a03nad 
035 |a (uuid)e629ae82-bee7-442f-a000-cb37f485c568 
040 |a SNKBUCL  |b slo  |c SNKBUCL  |e AACR2 
041 0 |a slo 
044 |a xo  |c SK 
080 |a 628.4:061.3  |2 1997 
080 |a 504.064.4  |2 1997 
100 1 |a Sviteková, Angela  |4 aut  |9 841455 
245 1 0 |a Odpady 2002 s novými myšlienkami  |c Angela Sviteková 
611 2 7 |a Odpady  |n (7. :  |d 2002 :  |c Spišská Nová Ves, Slovensko)  |2 snkbucl  |9 1427152 
650 0 7 |a odpad  |2 snkbucl  |9 14223 
655 7 |a články z novín a časopisov  |2 snkbucl  |9 267496 
773 0 |t Odpady  |g Roč. 2, č. 12 (2002), s. 43  |x 1335-7808 
850 |a Slovenská národná knižnica 
852 |a Slovenská národná knižnica 
954 |a odborná, vedecká literatúra pôvodná (slovenská)  |2 lita 
958 |a article27 
958 |a OND 
958 |a EUIPO 
992 |a RBX 
999 |c 2887635  |d 2889565